000 00302nam a22001337a 4500
008 181122b xxu||||| |||| 00| 0 eng d
020 _a9780073129907
041 _aeng
080 _a510
100 _a37
101 _aMAT
245 _aGeometry With Geometry Exploree
_cMIchael.h
942 _2udc
_cBK
999 _c52312
_d52312